000
00203 a2200097 4500
001
3811
100
_a
Bullinger, C.E
245
_a
Engineering economy
260
_a
_b
Mcgrawhill
_c
090
_c
3044
_d
3044
942
_a
NUST-CAE
_c
M
_c
22714
999
_c
238884
_d
238884